| 000 | 01166 a2200241 4500 | ||
|---|---|---|---|
| 005 | 2008082702012.0 | ||
| 008 | 080827t xxu||||| |||| 00| 0 hin d | ||
| 010 | _aHIN-83227 | ||
| 020 |
_a9788183611480 _c175.00 |
||
| 035 | _aHN-55573 | ||
| 037 | _bपु.प्र.अ.प्र/प्रका | ||
| 082 | _a821 | ||
| 100 | _aतरूण कानूनगो | ||
| 245 |
_aएक यात्रा शब्दों और रंगों से आगे / _cतरूण कानूनगो |
||
| 246 |
_aEk yatra: Shabdon aur Rangon se aage _bby Tarun Kanoongo |
||
| 260 |
_aनई दिल्ली _bराधाकृष्ण प्रकाशन _c2007 |
||
| 270 |
_a7/31, अंसारी रोड, दरियागंज _bनई दिल्ली _e110002 |
||
| 300 |
_a163पृ _c22 सेमी (सजिल्द) |
||
| 650 | _aहिन्दी कविताएँ | ||
| 650 | _aHindi Poems | ||
| 942 |
_cHN _k821 / तरूण _adpl _2ddc _h821 _mतरूण |
||
| 999 |
_c11928 _d11928 |
||